Online Catalogue and eLibrary

Mal pale upan pansale piyatuma (Record no. 5301)

MARC details
000 -LEADER
fixed length control field 00446nam a2200157Ia 4500
005 - DATE AND TIME OF LATEST TRANSACTION
control field 20250704012730.0
008 - FIXED-LENGTH DATA ELEMENTS--GENERAL INFORMATION
fixed length control field 240331s9999 xx 000 0 und d
020 ## - INTERNATIONAL STANDARD BOOK NUMBER
ISBN 9559532820
082 ## - DDC Classification
Item Number - Author Mark DHA
Class No. 920
100 ## - MAIN ENTRY--PERSONAL NAME
Personal name Dhammalankara, Himi Iththapane
245 #0 - TITLE STATEMENT
Title Mal pale upan pansale piyatuma
260 ## - PUBLICATION, DISTRIBUTION, ETC.
Place of publication, distribution, etc. Dehiwala
Name of publisher, distributor, etc. A Sridevi Publication
Date of publication, distribution, etc. 1995
300 ## - PHYSICAL DESCRIPTION
Extent (e.g. Volumes, Pages etc.) 152 p.,
500 ## - GENERAL NOTE
General note The temple where malpela was born is called piyatuma
942 ## - Koha item type (Biblio)
Koha item type Books in Stacks (Lending)
Holdings
Lost status Damaged status Collection code Home library Current library Shelving location Date acquired Full call number Accession Number Item type
    Lending WERC Library WERC Library Social Science Cupboard 03/31/2024 920 DHA 5337 Books in Stacks (Lending)

© WERC Library